|
|
|
|
| LEADER |
00000nam a2200000 a 4500 |
| 001 |
UCY3081 |
| 003 |
CL-VaPUC |
| 008 |
941212e19900000SP |||||||||||||||||spa|d |
| 082 |
0 |
4 |
|a 306
|b LEV
|2 21
|
| 100 |
|
|
|a Lévi-Strauss, Claude
|e author
|9 265689
|
| 245 |
1 |
0 |
|a Mito y significado
|
| 300 |
|
|
|a 97 p
|
| 942 |
|
|
|c BK
|
| 945 |
|
|
|d 19941212 00:00:00
|a aalvarez
|
| 260 |
|
|
|a Madrid
|b Alianza
|c 1990
|
| 650 |
|
0 |
|a Mitología
|9 255719
|
| 583 |
|
|
|a last modification
|c 19941212 00:00:00
|k Rodrigo Vera
|
| 999 |
|
|
|c 231317
|d 231315
|
| 952 |
|
|
|0 0
|1 0
|4 0
|6 306_000000000000000_LEV_1990
|7 0
|8 A
|9 234443
|a BIBEDU
|b BIBEDU
|d 2019-11-15
|i 3041816
|o 306 LEV 1990
|p 3041816
|r 2019-11-15
|w 2019-11-15
|y BK
|k EDU
|